Statistiques concernant De quelle mer s'agit-t-il?

Cliquez ici pour prendre le quiz!

Statistiques générales

  • Ce quiz a été pris 32 fois
  • Le résultat moyen est 7 sur 15

Statistiques - réponses

HintRéponse% Correct
On m'a coupé en deux pur pouvoir traverser.Mer Rouge
84%
Mer intérieure européenne, je suis devenu connue grâce au meme du participant à un jeu télévisé qui martèle mon nom en espérant que ce soit la bonne réponse.Mer Noire
77%
Je peux aussi m'appeler "mer des Antilles", mais mon autre nom fait penser à des navigateurs de l'ombre.Mer des Caraibes
68%
Un de mes ports a abrité le chantier de construction du Titanic, et je fais référence à une île coupée en deux, indépendante au sud et rattachée à un autre pays au nord.Mer d'Irlande
68%
Un roi se serait jeté dans mes eaux du haut du Parthénon, me laissant son nom.Mer Egée
68%
Une mer chère à ce bon vieux Taz des Looney Tunes, car elle borde son île natale.Mer de Tasman
61%
Aussi appelée mer de l'Est ou mer orientale de Corée, je renferme également le détroit de Corée.Mer du Japon
52%
Plus ça va et plus je rétrécis, je ressemble plus à un lac qu'à une mer.Mer d'Aral
42%
Limitrophe à 11 pays d'Asie, je renferme un fleuve au nom coloré, mais ce n'est ni le Jaune ni le Bleu.Mer de Chine méridionale
32%
Je porte le nom de mer mais dans mon nom aucune trace du mot mer.
J'ai donné mon nom à une race de félin d'Inde.
Golfe du Bengale
29%
Je baigne le Mexique mais pas le Nouveau-Mexique.Golfe du Mexique
26%
Je suis au large de la terre qui m'a donné mon nom, nom qui signifie "terre verte" dans sa langue natale.Mer du Groenland
26%
Je suis très peu connu mais je porte le nom de l'auteur de Moby DickMer de Melville
16%
...Et pas Mer du ChihuahuaMer du Labrador
16%
J'abrite la deuxième plus importante colonie de manchots empereurs au monde.Mer de Weddell
0%

Distribution des résultats

Percentile par nombre de réponses

% des personnes avec chaque résultat

Votre développement - résultats

Vous n’avez pas pris ce quiz